| 000 | 00444nam a2200193Ia 4500 | ||
|---|---|---|---|
| 005 | 20230601115016.0 | ||
| 008 | 131103s9999 xx 000 0 und d | ||
| 020 | _a330426362 | ||
| 040 | _aLoreto College | ||
| 041 | _aEnglish | ||
| 082 |
_aF _bCOO |
||
| 100 | _aCook,Robin | ||
| 245 |
_aSeizure _cRobin Cook |
||
| 260 |
_aLondon _bPan Books _c2003 |
||
| 300 | _a454 p. | ||
| 650 | _aFiction in English | ||
| 850 | _aLCLIB | ||
| 942 | _cBK | ||
| 999 |
_c15568 _d66047 |
||